000 00247nam a2200097Ia 4500
008 240331s9999 xx 000 0 und d
082 _bCHA
100 _aUyangoda J,
245 0 _aChandaya Sarva Janayarta :
_bPrajatantrawadaya Tikadenekuta
942 _cL
999 _c2526
_d2526